<?xml version="1.0" encoding="UTF-8"?>
<collection xmlns="http://www.loc.gov/MARC21/slim">
  <record>
    <leader>00000nam  2200000   4500</leader>
    <controlfield tag="001">INLIS000000000020381</controlfield>
    <controlfield tag="005">20250617102314</controlfield>
    <datafield tag="035" ind1="#" ind2="#">
      <subfield code="a">0010-0625000123</subfield>
    </datafield>
    <controlfield tag="007">ta</controlfield>
    <controlfield tag="008">250617################|##########|#|##</controlfield>
    <datafield tag="084" ind1="#" ind2="#">
      <subfield code="a">R 105 PKN II 2023</subfield>
    </datafield>
    <datafield tag="100" ind1=" " ind2="#">
      <subfield code="a">Heru Wibowo</subfield>
    </datafield>
    <datafield tag="245" ind1="1" ind2="#">
      <subfield code="a">Strategi Membangun SDM Pengelola Keuangan Daerah Yang Kompeten Dalam Kerangka UU HKPD Melalui Pemanfaatan Teknologi Digital /</subfield>
      <subfield code="c">Heru Wibowo</subfield>
    </datafield>
    <datafield tag="250" ind1="#" ind2="#">
      <subfield code="a">1</subfield>
    </datafield>
    <datafield tag="260" ind1="#" ind2="#">
      <subfield code="a">Jakarta :</subfield>
      <subfield code="b">Pusbangkom Pimnas,</subfield>
      <subfield code="c">2023</subfield>
    </datafield>
    <datafield tag="300" ind1="#" ind2="#">
      <subfield code="a">100 :</subfield>
      <subfield code="b">ilus ;</subfield>
      <subfield code="c">29 x 21 x 1</subfield>
    </datafield>
    <datafield tag="650" ind1="#" ind2="4">
      <subfield code="a">SDM, Keuangan</subfield>
    </datafield>
    <datafield tag="520" ind1="#" ind2="#">
      <subfield code="a">UU No. 1 Tahun 2022 tentang HKPD terbit sebagai upaya untuk menciptakan alokasi&#13;
sumber daya nasional yang efektif dan efisien, baik di Pusat maupun di pemda. UU No. 1 Tahun&#13;
2022 mencabut UU No. 28 Tahun 2009 tentang Pajak Daerah dan Retribusi Daerah dan UU No.&#13;
33 Tahun 2004 tentang Perimbangan Keuangan antara Pemerintah Pusat dan Pemerintahan&#13;
Daerah. UU No. 1 Tahun 2022 ditopang oleh 4 pilar, yaitu (1) ketimpangan vertikal dan horizontal&#13;
yang menurun, (2) penguatan local taxing power, (3) peningkatan kualitas belanja daerah, dan&#13;
(4) harmonisasi belanja Pusat dan Daerah. UU HKPD juga mengamanatkan pengelola&#13;
keuangan daerah yang kompeten sehingga mampu membelanjakan APBD-nya secara&#13;
berkualitas (spending better) untuk menciptakan efek pengganda (multiplier effect) optima&#13;
dalam rangka mendorong transformasi ekonomi dan memperbaiki kualitas SDM guna mencapai&#13;
target pembangunan nasional.</subfield>
    </datafield>
    <datafield tag="856" ind1="#" ind2="#">
      <subfield code="a">Perpustakaan Pusat LAN</subfield>
    </datafield>
    <datafield tag="990" ind1="#" ind2="#">
      <subfield code="a">2407105</subfield>
    </datafield>
  </record>
</collection>
